| 000 | 00520nam a22001937a 4500 | ||
|---|---|---|---|
| 003 | Ost | ||
| 005 | 20240508143114.0 | ||
| 008 | 240423b |||||||| |||| 00| 0 eng d | ||
| 020 | _a9798677879562 | ||
| 040 | _cBT-PhCST | ||
| 050 | _a24871 | ||
| 082 |
_222 _a621.38 _bMAG |
||
| 100 | _aMagda, Yury. | ||
| 245 |
_aARM assembly language programming with STM 32 microcontrollers : _blearning by example / |
||
| 260 |
_aUSA : _cc2020 |
||
| 300 |
_a172 p. : _bill. ; _c23 cm. |
||
| 500 | _aIncludes index. | ||
| 942 |
_2ddc _cICE |
||
| 999 |
_c9754 _d9754 |
||